000 00778nam a2200265Ia 4500
003 OSt
005 20221007110615.0
006 a|||||r|||| 00| 0
007 ta
008 221006b |||||||| |||| 00| 0 eng d
024 _a21,442
037 _cTextual
040 _aLCO
_cLCO
_beng
041 _2eng
_aeng
082 _aX81:(Z), M3
100 _aGyanendra Kumar
_9566740
245 0 _aHand Book on Insurance Laws
250 _a2nd
260 _aDelhi
_bDelhi Law House India
_c1983
300 _a175
500 _aIncluding Insurance Act, 1938 and General insurance Business (Nationalization) ACt, 1972 along with Insurance Rules, 1939
650 _aINSURANCE LAW
942 _hX81:(Z), M3
_cTEXL
999 _c1191005
_d1191005